| 000 | 00507nam a2200157 i 4500 | ||
|---|---|---|---|
| 001 | 99246 | ||
| 003 | ES-MaACL | ||
| 005 | 20230906182451.0 | ||
| 007 | t| | ||
| 008 | 050906s1976 sp ||||1| spa d | ||
| 100 | 1 |
_aMartín Moreno, Antonio. _977577 |
|
| 245 | 1 | 3 |
_aEl padre Feijóo y las ideologías musicales del XVIII en España / _cAntonio Martín Moreno. |
| 260 |
_aOrense : _bInstituto de Estudios Orensanos Padre Feijóo, _c1976. |
||
| 300 |
_a397 p. ; _c25 cm. |
||
| 852 |
_aES-MaACL _jA-6658 _bR.95886 |
||
| 999 |
_c99246 _d99246 |
||